Palo verde y otras novelas cortas /
Guardado en:
| Autor Principal: | |
|---|---|
| Formato: | Libro |
| Publicado: |
Argentina :
Troquel,
1960
|
| Materias: | |
| Etiquetas: |
Agregar Etiqueta
Sin Etiquetas, Sea el primero en etiquetar este registro!
|
| LEADER | 00532nam a22001935a 4500 | ||
|---|---|---|---|
| 001 | CEM.cems003987 | ||
| 005 | 19000101000000.0 | ||
| 008 | 130507s1960##################000#0#####d | ||
| 003 | CEMS | ||
| 082 | 0 | 4 | |a A863.4 |
| 100 | 1 | |a Lynch, Benito | |
| 245 | 1 | 0 | |a Palo verde y otras novelas cortas / |
| 260 | |a Argentina : |b Troquel, |c 1960 | ||
| 300 | |a 212 p. | ||
| 653 | |a Literatura | ||
| 653 | |a Literatura argentina | ||
| 653 | |a Novela argentina-siglo 20 | ||
| 653 | |a Novelas | ||
| 859 | |a CEMS |b BIB. CEMS - 11 de abril |h A863.4 |i L634-1 |p 14463.75 |t Ej.1 | ||
